Magnet Carrefour équipe de France 2010 - Statistiques

Statistiques générales
  • Ce quiz a été pris 67 fois
  • Le résultat moyen est 14 sur 23
Statistiques - réponses
Joueur % Correct
G Hugo Lloris
100%
G Steve Mandanda
95%
BU Karim Benzema
89%
BU Thierry Henry
82%
MO Franck Ribery
77%
BU Nicolas Anelka
75%
DG Patrice Evra
75%
MO Yoann Gourcuff
67%
DD Bacary Sagna
66%
MO Florent Malouda
66%
DC William Gallas
66%
G Cedric Carrasso
62%
M Jérémy Toulalan
61%
M Alou Diarra
59%
M Lassana Diarra
59%
BU André Pierre Gignac
57%
DC Eric Abidal
57%
DC Sébastien Squillaci
49%
MO Sidney Govou
46%
M Abou Diaby
41%
DC Julien Escudé
33%
M Moussa Sissoko
23%
DD Rod Fanni
16%
Aucun quiz correspondant
Distribution des résultats
% des personnes avec chaque résultat
Percentile par nombre de réponses
Votre historique - résultats
Vous n’avez pas pris ce quiz